000 00758nam a22001937a 4500
003 AUA.1
005 20251107091333.0
008 250709b |||||||| |||| 00| 0 eng d
040 _cJTL
100 _aKhaniki, Richard G.
245 _aA contextual study on lived experiences of new Adventist Islam converts in Dodoma Central Church District, Tanzania :
_bImplication for mission /
_cRichard G. Khaniki.
260 _cC2025.
300 _axii,163 leaves :
_bIllustrations :
_c30cm.
610 _aSeventh-day Adventist Church :
_bDodoma Central Church District
_zTanzania
650 _aSeventh-Day Adventist converts
650 _aChristian converts from Islam
650 _aMissions to Muslims
942 _2aua
_cPROJECT
_hMA Miss
_i.K43 2025
999 _c25167
_d25167